000 00525nam a2200181Ia 4500
003 LK-CoDNM
008 010623t1985 xxu||||| |||| 00| 1 sin d
040 _aLK-CoDNM
_dLK-CoDNM
_eLK-CoDNM
041 _asin
080 _a(x)7(1)
245 _aපෞද්ගලික කලායතන පිළිබඳ අත්පොත
246 _aPaudgalika kalayathna pilibanda athpotha
260 _bMinistry of cultural affairs
_aColombo
_c1985
300 _b13, 22 cm
650 _aArts
650 _aCulture
942 _cBK
999 _c112978
_d112978